| 000 | 00401nam a2200169Ia 4500 | ||
|---|---|---|---|
| 008 | 230917s9999||||xx |||||||||||||| ||und|| | ||
| 020 | _cRS45 | ||
| 040 |
_e21020 _aMAIN |
||
| 041 | _aEnglish | ||
| 082 | _a514 J78I | ||
| 100 | _aJoshi, K D | ||
| 245 | 0 | _aIntroduction to general topology | |
| 250 | _aRev. ed. | ||
| 260 |
_aNew Delhi _bWiley Eastern _c1986 |
||
| 300 | _axii, 412 p. | ||
| 942 | _cBK | ||
| 999 |
_c59690 _d59690 |
||